Medical Practices : Construction and design manual

Na minha lista:
Detalhes bibliográficos
Formato: Livro
Idioma:inglês
Publicado em: Berlin : DOM, 2010
Assuntos:
Tags: Adicionar Tag
Sem tags, seja o primeiro a adicionar uma tag!

MARC

LEADER 00000nam a22000003a 4500
001 stu221729
005 20141123102732.0
008 110223s2010------------------------eng-d
020 |a 978-3-938666-54-8 
040 |a STU  |b slo 
041 0 |a eng 
245 |a Medical Practices :  |b Construction and design manual 
260 |a Berlin :  |b DOM,  |c 2010 
300 |a 383 s 
650 7 |a budovy zdravotnícke  |2 stusub 
650 7 |a ambulancie  |2 stusub 
996 |b 284AU04784  |c A*7349 U  |l AAKNAR  |s A  |a 24  |w stu221729_0001